Southville International School and Colleges
Your cart is empty.
  • Cart
  • Lists
    Public lists Eva Luna New books Lux_list list_1
    Your lists Log in to create your own lists
  • Log in to your account
  • Your cookies
  • Search history
Southville International School and Colleges
  • Advanced search
  • Recent comments
  • Most popular
  • Libraries

Log in to your account

Log in with GOOGLE


If you do not have an external account, but do have a local account, you can still log in:

  1. Home
  2. MARC view: Marketing strategies in the digital age /
Normal view MARC view ISBD view

Marketing strategies in the digital age / (Record no. 368121)

[ view plain ]
MARC details
000 -LEADER
fixed length control field 00796nam a22002297a 4500
003 - CONTROL NUMBER IDENTIFIER
control field 0
005 - DATE AND TIME OF LATEST TRANSACTION
control field 20250926165134.0
008 - FIXED-LENGTH DATA ELEMENTS--GENERAL INFORMATION
fixed length control field 250926b xxu||||| |||| 00| 0 eng d
020 ## - INTERNATIONAL STANDARD BOOK NUMBER
International Standard Book Number 978-1-77956-408-5
050 ## - LIBRARY OF CONGRESS CALL NUMBER
Classification number HF 5415.1265
Item number .J35 2025
100 ## - MAIN ENTRY--PERSONAL NAME
Personal name Jaiswal, Gulab Chand Ram,
Relator term author.
245 ## - TITLE STATEMENT
Title Marketing strategies in the digital age /
Statement of responsibility, etc Gulab Chand Ram Jaiswal and Richa Gupta.
260 ## - PUBLICATION, DISTRIBUTION, ETC. (IMPRINT)
Place of publication, distribution, etc Canada :
Name of publisher, distributor, etc Society Publishing,
Date of publication, distribution, etc 2025.
300 ## - PHYSICAL DESCRIPTION
Extent xviii, 387 pages :
Other physical details colored illustrations ;
Dimensions 24 cm.
504 ## - BIBLIOGRAPHY, ETC. NOTE
Bibliography, etc Includes bibliographical references and index.
650 ## - SUBJECT ADDED ENTRY--TOPICAL TERM
Topical term or geographic name as entry element Internet marketing.
650 ## - SUBJECT ADDED ENTRY--TOPICAL TERM
Topical term or geographic name as entry element Marketing
General subdivision Management.
650 ## - SUBJECT ADDED ENTRY--TOPICAL TERM
Topical term or geographic name as entry element Strategic planning
General subdivision Marketing.
650 ## - SUBJECT ADDED ENTRY--TOPICAL TERM
Topical term or geographic name as entry element Digital media
General subdivision Economic aspects.
700 ## - ADDED ENTRY--PERSONAL NAME
Personal name Gupta, Richa,
Relator term author.
942 ## - ADDED ENTRY ELEMENTS (KOHA)
Source of classification or shelving scheme Library of Congress Classification
Koha item type Books
Holdings
Withdrawn status Lost status Source of classification or shelving scheme Damaged status Home library Current library Shelving location Date acquired Source of acquisition Sub Shelving location Total Checkouts Full call number Barcode Date last seen Price effective from Koha item type
    Library of Congress Classification   College Library College Library Reserve Section 06/04/2025 Library Fund     HF 5415.1265 .J35 2025 C25256 09/26/2025 09/26/2025 Books

Marketing strategies in the digital age /

APA

Jaiswal G. C. R., Gupta R., . (2025). Marketing strategies in the digital age. Canada: Society Publishing.

Chicago

Jaiswal Gulab Chand Ram, Gupta Richa, . 2025. Marketing strategies in the digital age. Canada: Society Publishing.

Harvard

Jaiswal G. C. R., Gupta R., . (2025). Marketing strategies in the digital age. Canada: Society Publishing.

MLA

Jaiswal Gulab Chand Ram, Gupta Richa, . Marketing strategies in the digital age. Canada: Society Publishing. 2025.

  • Place hold
  • Print
  • Cite
  • Add to your cart (remove)
  • Save record
    BIBTEX Dublin Core MARCXML MARC (non-Unicode/MARC-8) MARC (Unicode/UTF-8) MARC (Unicode/UTF-8, Standard) MODS (XML) RIS
  • More searches
    Search for this title in:
    Other Libraries (WorldCat) Other Databases (Google Scholar) Online Stores (Bookfinder.com) Open Library (openlibrary.org)

Exporting to Dublin Core...

SOUTHVILLE LIBRARY

Southville International School and Colleges Library

1281 Tropical Ave. Cor. Luxembourg St., BF Homes International, Las Pinas City

Tel. No. 8256374 / 252358 Loc. 117/146

Powered by Koha